LEADER 01186naa a2200241 u 4500 001 000000094214 003 CaOOAMICUS 005 20070226130137.0 008 010828s1983 fr u000 u eng u 035 $a10900304 040 $aPUL(R)$bita 100 1 $aPloman, Edward W.$0(OLS)http://pul/name/60584 245 10$aConflicts on information and communications problems /$cEdward W. Ploman. 260 $a[S. l. :$bs. n.],$c1983. 300 $aP. [289-298] 504 $aBibliografia in nota. 650 4$aDiritto internazionale.$0(OLS)http://pul/subject/2505 650 4$aComunicazione.$0(OLS)http://pul/subject/4540 650 4$aInformazione.$0(OLS)http://pul/subject/20761 773 0 $aAcadémie de droit international.$tColloque = Colloquium$g1982 773 0 $aAcadémie de droit international.$tLe règlement des différends sur les nouvelles ressources naturelles : Colloque, La Haye, 8-10 novembre 1982 = the settlements of disputes on the new natural resources : Workshop, The Hague, 8-10 november 1982$w()61003 996 $6245$aConflicts on information and communications problems$9(OLS)http://pul/title/121078 996 $6260$a[S. l. :$bs. n.]$9(OLS)http://pul/publisher/47882 LEADER 01240nam a2200253 u 4500 001 000000083608 003 CaOOAMICUS 005 20070226124005.0 008 050520s1955 fr u000 u fre u 035 $a11046177 040 $aPUL(R)$bita 100 1 $aParoissin, René,$d1912-$0(OLS)http://pul/name/55286 245 10$aArt et humanisme biblique avec Paul Claudel, S. Bernard et S. J. de la Croix, G. Migot, Bach et Haendel, Péguy et Honegger /$cB. P-R. Paroissin M. E. 260 $aParis :$bNouvelles Editions Debresse,$c1955. 300 $axviii, 520 p. ;$c23 cm 500 $aSul front.: "Sous le signe de la Musique (Discothèque)". 504 $aBibliografia in nota. 650 4$aArte e religione.$0(OLS)http://pul/subject/22788 650 4$aMusica sacra.$0(OLS)http://pul/subject/3526 850 $aPUL 852 $aPUL$W1$xDP1 Fondo Cecchetti$y53$m265 L 28$j106400$nBK-PRI$b $qFondi$B106400$CPULBib$Z2$F106400 $HPUL1403 $81 941 1 $a1 996 $6245$aArt et humanisme biblique avec Paul Claudel, S. Bernard et S. J. de la Croix, G. Migot, Bach et Haendel, Péguy et Honegger$9(OLS)http://pul/title/108947 996 $6260$aParis :$bNouvelles Editions Debresse$9(OLS)http://pul/publisher/76599